书目信息 |
| 题名: |
2015国家护士执业资格考试试题精编
|
|
| 作者: | 王兴华 , 张庆明 主编 | |
| 分册: | ||
| 出版信息: | 北京 科学出版社 2014 |
|
| 页数: | 10,463页 | |
| 开本: | 26cm | |
| 丛书名: | ||
| 单 册: | ||
| 中图分类: | R192.6-44 , R47-44 | |
| 科图分类: | ||
| 主题词: | 护士--资格考试--试题 , 护理学--资格考试--试题 | |
| 电子资源: | ||
| ISBN: | 978-7-03-041916-3 | |
| 000 | 00972nam0 2200265 450 | |
| 001 | 0103422412 | |
| 005 | 20150423133253.0 | |
| 010 | @a978-7-03-041916-3@dCNY54.80 | |
| 100 | @a20150228d2014 em y0chiy0120 ea | |
| 101 | 0 | @achi |
| 102 | @aCN@b110000 | |
| 105 | @ay zq 000yy | |
| 106 | @ar | |
| 200 | 1 | @a2015国家护士执业资格考试试题精编@92 0 1 5 Guo Jia;Jie Hu Shi Zhi Ye Zi Ge Kao Shi Shi Ti Jing Bian @f王兴华,张庆明主编@b专著 |
| 210 | @a北京@c科学出版社@d2014 | |
| 215 | @a10,463页@d26cm | |
| 330 | @a本书分为精编试题、全真试题和模拟试题三部分,每部分均备有参考答案。涉及基础护理知识和技能、内科常见疾病知识、外科常见疾病知识、儿科常见疾病知识等内容。 | |
| 606 | 0 | @a护士@x资格考试@j试题 |
| 606 | 0 | @a护理学@x资格考试@j试题 |
| 690 | @aR192.6-44@v5 | |
| 690 | @aR47-44@v5 | |
| 701 | 0 | @a王兴华@f(1956.8~)@4主编@9wang xing hua |
| 701 | 0 | @a张庆明@c(医学)@4主编@9zhang qing ming |
| 801 | 0 | @aCN@bAZmarc@c20230907 |
| 905 | @aBZT@dR192.6@e44@f3@sR192.6/44 | |
| 2015国家护士执业资格考试试题精编/王兴华,张庆明主编.-北京:科学出版社,2014 |
| 10,463页;26cm |
| ISBN 978-7-03-041916-3:CNY54.80 |
| 本书分为精编试题、全真试题和模拟试题三部分,每部分均备有参考答案。涉及基础护理知识和技能、内科常见疾病知识、外科常见疾病知识、儿科常见疾病知识等内容。 |
| ● |
| 相关链接 |
|
|
|
正题名:2015国家护士执业资格考试试题精编
索取号:R192.6/44
 
预约/预借
| 序号 | 登录号 | 条形码 | 馆藏地/架位号 | 状态 | 备注 |
| 1 | 2000025963 | 2000025963 | 旧书回溯/ [索取号:R192.6/44] | 在馆 | |
| 2 | 2000025964 | 2000025964 | 旧书回溯/ [索取号:R192.6/44] | 在馆 | |
| 3 | 2000025965 | 2000025965 | 旧书回溯/ [索取号:R192.6/44] | 在馆 |